Library Banner

Functional programming and parallel graph rewriting (Record no. 12732)

MARC details
000 -LEADER
fixed length control field 00537nam a2200205Ia 4500
001 - CONTROL NUMBER
control field 11893
003 - CONTROL NUMBER IDENTIFIER
control field OSt
005 - DATE AND TIME OF LATEST TRANSACTION
control field 20190207113227.0
008 - FIXED-LENGTH DATA ELEMENTS--GENERAL INFORMATION
fixed length control field 140331s9999 xx 000 0 und d
020 ## - INTERNATIONAL STANDARD BOOK NUMBER
International Standard Book Number 0-201-41663-8
040 ## - CATALOGING SOURCE
Transcribing agency PK-LaUMT
082 ## - DEWEY DECIMAL CLASSIFICATION NUMBER
Classification number 005.3
Item number PLA-F
100 ## - MAIN ENTRY--PERSONAL NAME
Personal name Eekelen, Marko Van, J.T.
245 ## - TITLE STATEMENT
Title Functional programming and parallel graph rewriting
Statement of responsibility, etc Eekelen, Marko Van, J.T.<>Plasmijer, Rinus
260 ## - PUBLICATION, DISTRIBUTION, ETC. (IMPRINT)
Date of publication, distribution, etc 1993
300 ## - PHYSICAL DESCRIPTION
Extent 571 p.
546 ## - LANGUAGE NOTE
Language note EN
700 ## - ADDED ENTRY--PERSONAL NAME
Personal name Plasmijer, Rinus
942 ## - ADDED ENTRY ELEMENTS (KOHA)
Koha item type Permanently weeded out collection
Source of classification or shelving scheme Dewey Decimal Classification
Holdings
Withdrawn status Lost status Damaged status Not for loan Home library Current library Date acquired Total Checkouts Full call number Barcode Date last seen Price effective from Koha item type
        UMT Main Campus UMT Main Campus 2014-03-31   005.3 PLA-F 13836 2014-04-21 2014-04-21 Books